| 000 | 00820nam a2200241 a 4500 | ||
|---|---|---|---|
| 001 | 13977 | ||
| 003 | BD-JhCC | ||
| 005 | 20240520172515.0 | ||
| 008 | 171109s2018 bg |||| |||| 000 0 ben d | ||
| 020 | _a9847002006170 | ||
| 035 | _a(BD-JhCC)13977 | ||
| 040 |
_aBD-JhCC _dBD-JhCC |
||
| 041 | _aben | ||
| 082 |
_a891.4435 _bKAF 2018 |
||
| 100 | _aকাফকা , ফ্রানৎস | ||
| 245 |
_aকাফকার মেটামরফোসিস ও অন্যান্য / _cফ্রানৎস কাফকা , সম্পা: রবিন ঘোষ । |
||
| 260 |
_aঢাকা : _bফ্রেন্ডস্ বুক প্রা.লি; _c2018. |
||
| 300 |
_a175 p. : _c22 cm. |
||
| 650 | _aBengali Short stories | ||
| 700 | _a ঘোষ ,রবিন | ||
| 942 |
_2ddc _cBK |
||
| 999 |
_c13977 _d13977 |
||